Statystyki dla 10 Najwartościowszych Demokratycznych Republikanów Konga xd

Kliknij tutaj aby rozwiązać quiz!

Ogólne statystyki

  • Ten quiz został rozwiązany 18 razy
  • Średni wynik to 2 z 10

Statystyki odpowiedzi

WartośćPiłkarz% Poprawnych
4,8 mlnBolasie
69%
12 mlnBakambu
50%
6 mlnTisserand
19%
6,5 mlnMasuaku
13%
3,2 mlnMbemba
13%
3,2 mlnMpoku
13%
6,3 mlnWamangituka
13%
6,5 mlnAfobe
6%
5,5 mlnAssombalonga
6%
5,5 mlnLuyindama
6%

Rozkład punktacji

Percentyl według liczby udzielonych odpowiedzi

Procent ludzi z każdym wynikiem

Twoja historia wyników

Nie rozwiązałeś tego quizu